| 000 | 01076nam a2200277 a 4500 | ||
|---|---|---|---|
| 001 | 38133 | ||
| 003 | BD-RjUL | ||
| 005 | 20211209052731.0 | ||
| 008 | 150914s1981 bg ||||| b||| 00| 0 ben d | ||
| 020 | _c: Tk. 60.00 | ||
| 035 | _a(BD-RjUL)38238 | ||
| 040 |
_aBD-RjUL _bben _cBD-RjUL |
||
| 041 | _aben | ||
| 082 |
_a530 _bSAS 1981 |
||
| 100 |
_aসাহা, কামিনী মোহন _9131503 |
||
| 245 | 1 | 0 |
_aস্নাতক পদার্থবিজ্ঞান / _cকামিনী মোহন সাহা ও তফাজ্জল হোসেন |
| 250 | _a২য় সং. | ||
| 260 |
_aঢাকা : _bমল্লিক ব্রাদার্স, _c১৯৮১ |
||
| 300 |
_a খণ্ড : _bচিত্র ; _c২২ সেমি. |
||
| 504 | _aগ্রন্থপঞ্জি সংযুক্ত | ||
| 505 | _tখণ্ড ১ -- খণ্ড ২ -- | ||
| 650 |
_aপদার্থ বিজ্ঞান _9123216 |
||
| 650 |
_aPhysics _9131504 |
||
| 700 |
_aহোসেন, তফাজ্জল _9243005 |
||
| 942 |
_2ddc _cBK |
||
| 999 |
_c38133 _d38133 |
||